<?xml version="1.0" encoding="UTF-8"?>
<record
    xmlns:xsi="http://www.w3.org/2001/XMLSchema-instance"
    xsi:schemaLocation="http://www.loc.gov/MARC21/slim http://www.loc.gov/standards/marcxml/schema/MARC21slim.xsd"
    xmlns="http://www.loc.gov/MARC21/slim">

  <leader>01034nam a22003131ia4500</leader>
  <datafield tag="999" ind1=" " ind2=" ">
    <subfield code="c">176863</subfield>
    <subfield code="d">176863</subfield>
  </datafield>
  <controlfield tag="003">OSt</controlfield>
  <controlfield tag="005">20200310175539.0</controlfield>
  <controlfield tag="008">200310s2020    my a|||jr|||| 000 0 may d</controlfield>
  <datafield tag="020" ind1=" " ind2=" ">
    <subfield code="c">RM 197.50 (SET)</subfield>
  </datafield>
  <datafield tag="020" ind1=" " ind2=" ">
    <subfield code="a">9789672299158</subfield>
    <subfield code="c">RM 7.90</subfield>
    <subfield code="q">paperback</subfield>
  </datafield>
  <datafield tag="040" ind1=" " ind2=" ">
    <subfield code="a">PPAK</subfield>
    <subfield code="b">eng</subfield>
    <subfield code="c">PPAK</subfield>
    <subfield code="e">rda</subfield>
  </datafield>
  <datafield tag="082" ind1="0" ind2="4">
    <subfield code="2">23</subfield>
    <subfield code="a">297.18</subfield>
  </datafield>
  <datafield tag="090" ind1="0" ind2="0">
    <subfield code="a">297.18</subfield>
    <subfield code="b">NOR</subfield>
    <subfield code="d">K</subfield>
  </datafield>
  <datafield tag="100" ind1="0" ind2=" ">
    <subfield code="a">Norul Azila Arifin, </subfield>
    <subfield code="e">author.</subfield>
  </datafield>
  <datafield tag="245" ind1="1" ind2="0">
    <subfield code="6">880-02</subfield>
    <subfield code="a">NABI HUD A.S. DENGAN KAUM 'AD /</subfield>
    <subfield code="c">Norul Azila Arifin.</subfield>
  </datafield>
  <datafield tag="264" ind1=" " ind2="1">
    <subfield code="a">Batu Caves, Selangor ;</subfield>
    <subfield code="b">Pustaka Sri Saujana Sdn. Bhd.,</subfield>
    <subfield code="c">2020</subfield>
  </datafield>
  <datafield tag="300" ind1=" " ind2=" ">
    <subfield code="a">16 pages :</subfield>
    <subfield code="b">colour illustrations ;</subfield>
    <subfield code="c">25 cm</subfield>
  </datafield>
  <datafield tag="336" ind1=" " ind2=" ">
    <subfield code="a">text</subfield>
    <subfield code="2">rdacontent</subfield>
  </datafield>
  <datafield tag="337" ind1=" " ind2=" ">
    <subfield code="a">unmediated</subfield>
    <subfield code="2">rdamedia</subfield>
  </datafield>
  <datafield tag="338" ind1=" " ind2=" ">
    <subfield code="a">volume</subfield>
    <subfield code="2">rdacarrier</subfield>
  </datafield>
  <datafield tag="490" ind1="1" ind2=" ">
    <subfield code="a">SIRI CINTAI NABI </subfield>
  </datafield>
  <datafield tag="546" ind1=" " ind2=" ">
    <subfield code="a">Text also in Jawi alphabet.</subfield>
  </datafield>
  <datafield tag="650" ind1="1" ind2="0">
    <subfield code="a">Islamic stories, Malay.</subfield>
  </datafield>
  <datafield tag="650" ind1="2" ind2="0">
    <subfield code="a">Prophets in the Qur'an.</subfield>
  </datafield>
  <datafield tag="650" ind1="2" ind2="0">
    <subfield code="a">Prophets, Pre- Islamic.</subfield>
  </datafield>
  <datafield tag="830" ind1=" " ind2="0">
    <subfield code="a">SIRI CINTAI NABI </subfield>
  </datafield>
  <datafield tag="880" ind1=" " ind2=" ">
    <subfield code="6">245-02/$1</subfield>
    <subfield code="a">&#x646;&#x628;&#x64A; &#x647;&#x648;&#x62F; &#x639;&#x644;&#x64A;&#x647; &#x627;&#x644;&#x633;&#x644;&#x627;&#x645; &#x62F;&#x6A0;&#x646; &#x642;&#x648;&#x645; &#x621;&#x627;&#x62F;</subfield>
  </datafield>
  <datafield tag="942" ind1=" " ind2=" ">
    <subfield code="2">ddc</subfield>
    <subfield code="c">B</subfield>
  </datafield>
  <datafield tag="952" ind1=" " ind2=" ">
    <subfield code="0">0</subfield>
    <subfield code="7">0</subfield>
    <subfield code="b">PPAK</subfield>
    <subfield code="c">K</subfield>
    <subfield code="d">2020-05-17</subfield>
    <subfield code="l">1</subfield>
    <subfield code="o">k 297.18 NOR</subfield>
    <subfield code="p">A01639813</subfield>
    <subfield code="r">2022-08-20 00:00:00</subfield>
    <subfield code="s">2022-08-06</subfield>
    <subfield code="y">B</subfield>
  </datafield>
  <datafield tag="952" ind1=" " ind2=" ">
    <subfield code="0">0</subfield>
    <subfield code="7">0</subfield>
    <subfield code="b">PPAK</subfield>
    <subfield code="c">K</subfield>
    <subfield code="d">2020-05-17</subfield>
    <subfield code="o">k 297.18 NOR</subfield>
    <subfield code="p">A01639814</subfield>
    <subfield code="r">2020-05-17 00:00:00</subfield>
    <subfield code="y">B</subfield>
  </datafield>
  <datafield tag="952" ind1=" " ind2=" ">
    <subfield code="0">0</subfield>
    <subfield code="7">0</subfield>
    <subfield code="b">SP</subfield>
    <subfield code="c">K</subfield>
    <subfield code="d">2020-05-17</subfield>
    <subfield code="l">5</subfield>
    <subfield code="o">k 297.18 NOR</subfield>
    <subfield code="p">A01639815</subfield>
    <subfield code="r">2024-12-23 10:57:04</subfield>
    <subfield code="s">2024-12-07</subfield>
    <subfield code="y">B</subfield>
  </datafield>
  <datafield tag="952" ind1=" " ind2=" ">
    <subfield code="0">0</subfield>
    <subfield code="7">0</subfield>
    <subfield code="b">JT</subfield>
    <subfield code="c">K</subfield>
    <subfield code="d">2020-05-17</subfield>
    <subfield code="o">k 297.18 NOR</subfield>
    <subfield code="p">A01639816</subfield>
    <subfield code="r">2020-05-17 00:00:00</subfield>
    <subfield code="y">B</subfield>
  </datafield>
  <datafield tag="952" ind1=" " ind2=" ">
    <subfield code="0">0</subfield>
    <subfield code="7">0</subfield>
    <subfield code="b">KM</subfield>
    <subfield code="c">K</subfield>
    <subfield code="d">2020-05-17</subfield>
    <subfield code="l">9</subfield>
    <subfield code="o">k 297.18 NOR</subfield>
    <subfield code="p">A01639817</subfield>
    <subfield code="r">2024-06-05 16:12:40</subfield>
    <subfield code="s">2024-05-19</subfield>
    <subfield code="y">B</subfield>
  </datafield>
  <datafield tag="952" ind1=" " ind2=" ">
    <subfield code="0">0</subfield>
    <subfield code="7">0</subfield>
    <subfield code="b">LW</subfield>
    <subfield code="c">K</subfield>
    <subfield code="d">2020-05-17</subfield>
    <subfield code="l">2</subfield>
    <subfield code="o">k 297.18 NOR</subfield>
    <subfield code="p">A01639818</subfield>
    <subfield code="r">2023-08-02 16:46:30</subfield>
    <subfield code="s">2023-07-27</subfield>
    <subfield code="y">B</subfield>
  </datafield>
  <datafield tag="952" ind1=" " ind2=" ">
    <subfield code="0">0</subfield>
    <subfield code="7">0</subfield>
    <subfield code="b">BL</subfield>
    <subfield code="c">K</subfield>
    <subfield code="d">2020-05-17</subfield>
    <subfield code="l">2</subfield>
    <subfield code="o">k 297.18 NOR</subfield>
    <subfield code="p">A01639819</subfield>
    <subfield code="r">2024-10-27 14:46:32</subfield>
    <subfield code="s">2024-10-08</subfield>
    <subfield code="y">B</subfield>
  </datafield>
  <datafield tag="952" ind1=" " ind2=" ">
    <subfield code="0">0</subfield>
    <subfield code="7">0</subfield>
    <subfield code="b">BB</subfield>
    <subfield code="c">K</subfield>
    <subfield code="d">2020-05-17</subfield>
    <subfield code="o">k 297.18 NOR</subfield>
    <subfield code="p">A01639820</subfield>
    <subfield code="r">2020-05-17 00:00:00</subfield>
    <subfield code="y">B</subfield>
  </datafield>
  <datafield tag="952" ind1=" " ind2=" ">
    <subfield code="0">0</subfield>
    <subfield code="7">0</subfield>
    <subfield code="b">MR</subfield>
    <subfield code="c">K</subfield>
    <subfield code="d">2020-05-17</subfield>
    <subfield code="l">3</subfield>
    <subfield code="m">1</subfield>
    <subfield code="o">k 297.18 NOR</subfield>
    <subfield code="p">A01639821</subfield>
    <subfield code="r">2025-09-08 15:56:24</subfield>
    <subfield code="s">2025-09-06</subfield>
    <subfield code="y">B</subfield>
  </datafield>
  <datafield tag="952" ind1=" " ind2=" ">
    <subfield code="0">0</subfield>
    <subfield code="7">0</subfield>
    <subfield code="b">YN</subfield>
    <subfield code="c">K</subfield>
    <subfield code="d">2020-05-17</subfield>
    <subfield code="l">3</subfield>
    <subfield code="m">1</subfield>
    <subfield code="o">k 297.18 NOR</subfield>
    <subfield code="p">A01639822</subfield>
    <subfield code="q">2026-07-19</subfield>
    <subfield code="r">2026-06-07 14:11:02</subfield>
    <subfield code="s">2026-06-07</subfield>
    <subfield code="y">B</subfield>
  </datafield>
  <datafield tag="952" ind1=" " ind2=" ">
    <subfield code="0">0</subfield>
    <subfield code="7">0</subfield>
    <subfield code="b">SK</subfield>
    <subfield code="c">K</subfield>
    <subfield code="d">2020-05-17</subfield>
    <subfield code="o">k 297.18 NOR</subfield>
    <subfield code="p">A01639823</subfield>
    <subfield code="r">2020-05-17 00:00:00</subfield>
    <subfield code="y">B</subfield>
  </datafield>
  <datafield tag="952" ind1=" " ind2=" ">
    <subfield code="0">0</subfield>
    <subfield code="7">0</subfield>
    <subfield code="b">KN</subfield>
    <subfield code="c">K</subfield>
    <subfield code="d">2020-05-17</subfield>
    <subfield code="o">k 297.18 NOR</subfield>
    <subfield code="p">A01639824</subfield>
    <subfield code="r">2020-05-17 00:00:00</subfield>
    <subfield code="y">B</subfield>
  </datafield>
  <datafield tag="952" ind1=" " ind2=" ">
    <subfield code="0">0</subfield>
    <subfield code="7">0</subfield>
    <subfield code="b">PPAK</subfield>
    <subfield code="c">K</subfield>
    <subfield code="d">2020-05-17</subfield>
    <subfield code="l">6</subfield>
    <subfield code="m">1</subfield>
    <subfield code="o">k 297.18 NOR</subfield>
    <subfield code="p">A01639825</subfield>
    <subfield code="r">2023-10-28 14:19:30</subfield>
    <subfield code="s">2023-09-19</subfield>
    <subfield code="y">B</subfield>
  </datafield>
  <datafield tag="952" ind1=" " ind2=" ">
    <subfield code="0">0</subfield>
    <subfield code="7">0</subfield>
    <subfield code="b">B1</subfield>
    <subfield code="c">K</subfield>
    <subfield code="d">2020-05-17</subfield>
    <subfield code="o">k 297.18 NOR</subfield>
    <subfield code="p">A01639826</subfield>
    <subfield code="r">2020-05-17 00:00:00</subfield>
    <subfield code="y">B</subfield>
  </datafield>
  <datafield tag="952" ind1=" " ind2=" ">
    <subfield code="0">0</subfield>
    <subfield code="7">0</subfield>
    <subfield code="b">B3</subfield>
    <subfield code="c">K</subfield>
    <subfield code="d">2020-05-17</subfield>
    <subfield code="o">k 297.18 NOR</subfield>
    <subfield code="p">A01639827</subfield>
    <subfield code="r">2020-05-17 00:00:00</subfield>
    <subfield code="y">B</subfield>
  </datafield>
  <datafield tag="952" ind1=" " ind2=" ">
    <subfield code="0">0</subfield>
    <subfield code="7">0</subfield>
    <subfield code="b">B4</subfield>
    <subfield code="c">K</subfield>
    <subfield code="d">2020-05-17</subfield>
    <subfield code="o">k 297.18 NOR</subfield>
    <subfield code="p">A01639828</subfield>
    <subfield code="r">2020-05-17 00:00:00</subfield>
    <subfield code="y">B</subfield>
  </datafield>
  <datafield tag="952" ind1=" " ind2=" ">
    <subfield code="0">0</subfield>
    <subfield code="7">0</subfield>
    <subfield code="b">B5</subfield>
    <subfield code="c">K</subfield>
    <subfield code="d">2020-05-17</subfield>
    <subfield code="o">k 297.18 NOR</subfield>
    <subfield code="p">A01639829</subfield>
    <subfield code="r">2020-05-17 00:00:00</subfield>
    <subfield code="y">B</subfield>
  </datafield>
  <datafield tag="952" ind1=" " ind2=" ">
    <subfield code="0">0</subfield>
    <subfield code="7">0</subfield>
    <subfield code="b">PD1</subfield>
    <subfield code="c">K</subfield>
    <subfield code="d">2020-05-17</subfield>
    <subfield code="o">k 297.18 NOR</subfield>
    <subfield code="p">A01639830</subfield>
    <subfield code="r">2020-05-17 00:00:00</subfield>
    <subfield code="y">B</subfield>
  </datafield>
  <datafield tag="952" ind1=" " ind2=" ">
    <subfield code="0">0</subfield>
    <subfield code="7">0</subfield>
    <subfield code="b">PD2</subfield>
    <subfield code="c">K</subfield>
    <subfield code="d">2020-05-17</subfield>
    <subfield code="o">k 297.18 NOR</subfield>
    <subfield code="p">A01639831</subfield>
    <subfield code="r">2020-05-17 00:00:00</subfield>
    <subfield code="y">B</subfield>
  </datafield>
  <datafield tag="952" ind1=" " ind2=" ">
    <subfield code="0">0</subfield>
    <subfield code="7">0</subfield>
    <subfield code="b">PD3</subfield>
    <subfield code="c">K</subfield>
    <subfield code="d">2020-05-17</subfield>
    <subfield code="o">k 297.18 NOR</subfield>
    <subfield code="p">A01639832</subfield>
    <subfield code="r">2020-05-17 00:00:00</subfield>
    <subfield code="y">B</subfield>
  </datafield>
  <datafield tag="952" ind1=" " ind2=" ">
    <subfield code="0">0</subfield>
    <subfield code="7">0</subfield>
    <subfield code="b">PD4</subfield>
    <subfield code="c">K</subfield>
    <subfield code="d">2020-05-17</subfield>
    <subfield code="o">k 297.18 NOR</subfield>
    <subfield code="p">A01639833</subfield>
    <subfield code="r">2020-05-17 00:00:00</subfield>
    <subfield code="y">B</subfield>
  </datafield>
  <datafield tag="952" ind1=" " ind2=" ">
    <subfield code="0">0</subfield>
    <subfield code="7">0</subfield>
    <subfield code="b">PD5</subfield>
    <subfield code="c">K</subfield>
    <subfield code="d">2020-05-17</subfield>
    <subfield code="o">k 297.18 NOR</subfield>
    <subfield code="p">A01639834</subfield>
    <subfield code="r">2020-05-17 00:00:00</subfield>
    <subfield code="y">B</subfield>
  </datafield>
  <datafield tag="952" ind1=" " ind2=" ">
    <subfield code="0">0</subfield>
    <subfield code="7">0</subfield>
    <subfield code="b">PD6</subfield>
    <subfield code="c">K</subfield>
    <subfield code="d">2020-05-17</subfield>
    <subfield code="o">k 297.18 NOR</subfield>
    <subfield code="p">A01639835</subfield>
    <subfield code="r">2020-05-17 00:00:00</subfield>
    <subfield code="y">B</subfield>
  </datafield>
  <datafield tag="952" ind1=" " ind2=" ">
    <subfield code="0">0</subfield>
    <subfield code="7">0</subfield>
    <subfield code="b">PD7</subfield>
    <subfield code="c">K</subfield>
    <subfield code="d">2020-05-17</subfield>
    <subfield code="o">k 297.18 NOR</subfield>
    <subfield code="p">A01639836</subfield>
    <subfield code="r">2020-05-17 00:00:00</subfield>
    <subfield code="y">B</subfield>
  </datafield>
  <datafield tag="952" ind1=" " ind2=" ">
    <subfield code="0">0</subfield>
    <subfield code="7">0</subfield>
    <subfield code="b">PG</subfield>
    <subfield code="c">K</subfield>
    <subfield code="d">2020-05-17</subfield>
    <subfield code="o">k 297.18 NOR</subfield>
    <subfield code="p">A01639837</subfield>
    <subfield code="r">2020-05-17 00:00:00</subfield>
    <subfield code="y">B</subfield>
  </datafield>
  <datafield tag="952" ind1=" " ind2=" ">
    <subfield code="0">0</subfield>
    <subfield code="7">0</subfield>
    <subfield code="b">PD11</subfield>
    <subfield code="c">K</subfield>
    <subfield code="d">2020-05-17</subfield>
    <subfield code="o">k 297.18 NOR</subfield>
    <subfield code="p">A01639838</subfield>
    <subfield code="r">2020-05-17 00:00:00</subfield>
    <subfield code="y">B</subfield>
  </datafield>
  <datafield tag="952" ind1=" " ind2=" ">
    <subfield code="0">0</subfield>
    <subfield code="7">0</subfield>
    <subfield code="b">PD12</subfield>
    <subfield code="c">K</subfield>
    <subfield code="d">2020-05-17</subfield>
    <subfield code="o">k 297.18 NOR</subfield>
    <subfield code="p">A01639839</subfield>
    <subfield code="r">2020-05-17 00:00:00</subfield>
    <subfield code="y">B</subfield>
  </datafield>
  <datafield tag="952" ind1=" " ind2=" ">
    <subfield code="0">0</subfield>
    <subfield code="7">0</subfield>
    <subfield code="b">PD13</subfield>
    <subfield code="c">K</subfield>
    <subfield code="d">2020-05-17</subfield>
    <subfield code="o">k 297.18 NOR</subfield>
    <subfield code="p">A01639840</subfield>
    <subfield code="r">2020-05-17 00:00:00</subfield>
    <subfield code="y">B</subfield>
  </datafield>
  <datafield tag="952" ind1=" " ind2=" ">
    <subfield code="0">0</subfield>
    <subfield code="7">0</subfield>
    <subfield code="b">PD14</subfield>
    <subfield code="c">K</subfield>
    <subfield code="d">2020-05-17</subfield>
    <subfield code="o">k 297.18 NOR</subfield>
    <subfield code="p">A01639841</subfield>
    <subfield code="r">2020-05-17 00:00:00</subfield>
    <subfield code="y">B</subfield>
  </datafield>
  <datafield tag="952" ind1=" " ind2=" ">
    <subfield code="0">0</subfield>
    <subfield code="7">0</subfield>
    <subfield code="b">PD16</subfield>
    <subfield code="c">K</subfield>
    <subfield code="d">2020-05-17</subfield>
    <subfield code="o">k 297.18 NOR</subfield>
    <subfield code="p">A01639842</subfield>
    <subfield code="r">2020-05-17 00:00:00</subfield>
    <subfield code="y">B</subfield>
  </datafield>
</record>
